000 00958nam a22003017a 4500
001 7640
003 FISKH
005 20250729104539.0
008 250729b cb ||||| |||| 00| 0 eng d
020 _a9780590273664
040 _aFISKH
_beng
_cFISKH
_dFISKH
050 _aGV1215.M57
082 _a398.8
100 _aMiranda, Anne
245 _aLet's get the rhythm :
_cAdapted by Anne Miranda : Pictures by Nancy Carpenter
_bA chant /
260 _aNew York :
_bScholastic ,
_c1994.
300 _a16 pages :
_bcolor illustrations ;
_c24 cm .
490 _aBeginning Literacy
505 _aD
520 _aA group of children enjoy a game to develop their rhythm.
521 8 _a160
_bLexile estimate
521 8 _aD
_bRaz-Plus
650 _aPhonemic awareness
_vJuvenile Literature
650 _aPoetry-Song-Music-Rhyme
_vJuvenile Literature
700 _aCarpenter, Nancy
_eIllustrator
942 _2ddc
_cBK
_n0
999 _c7640
_d7640